000
002740000a22000970004500
100
1
_a
Pereira da Costa, Hermisten Maia
245
1
0
_a
A centralidade da pregacao da palavra no culto
300
_a
Vol. 6, Núm 2 (2004), Páginas 68-79
773
0
_t
Reforma Siglo 21
942
_c
ANA
999
_c
52977
_d
52977